000 00814nam a2200229Ii 4500
003 JO-AjNU
008 230605s9999||||xx |||||||||||||| ||und||
017 _a2010/7/2712
020 _a978-9957-82-079-4
040 _aJO-AjNU
_bara
_erda
_cJO-AjNU
041 _aara
050 1 4 _aHF 5439 .D75. T373. 2012
100 3 _aالطروانة،عمر طلعت,
_eauthor
_933770
245 0 0 _aالمستشار في التسويق الدوائي المتقدم
250 _aط1
264 3 1 _aعمان:دار البداية ناشرون وموزعون،2012
300 _a192ص
_bيحتوي على ببلوغرافية من ص173-192ص
336 _atext
_btxt
_2rdacontent
337 _aunmediated
_bn
_2rdamedia
338 _avolume
_bnc
_2rdacarrier
650 4 _aادارة المبيعات-الادوية
_933771
999 _aA13778
_c17346
_d17346